<?xml version="1.0" encoding="UTF-8"?>
<record
    xmlns:xsi="http://www.w3.org/2001/XMLSchema-instance"
    xsi:schemaLocation="http://www.loc.gov/MARC21/slim http://www.loc.gov/standards/marcxml/schema/MARC21slim.xsd"
    xmlns="http://www.loc.gov/MARC21/slim">

  <leader>00656nam a22002057a 4500</leader>
  <controlfield tag="003">OSt</controlfield>
  <controlfield tag="005">20160107102800.0</controlfield>
  <controlfield tag="008">131024b        xxu||||| |||| 00| 0 eng d</controlfield>
  <datafield tag="020" ind1=" " ind2=" ">
    <subfield code="a">9781906345198</subfield>
  </datafield>
  <datafield tag="050" ind1=" " ind2=" ">
    <subfield code="a">QA 28.72 </subfield>
    <subfield code="b">.H313 2010</subfield>
  </datafield>
  <datafield tag="100" ind1=" " ind2=" ">
    <subfield code="a">Harris, David</subfield>
  </datafield>
  <datafield tag="245" ind1=" " ind2=" ">
    <subfield code="a">Mathematics- IB prepared : </subfield>
    <subfield code="b">approach your exam the ib way</subfield>
    <subfield code="c">David Harris.</subfield>
  </datafield>
  <datafield tag="260" ind1=" " ind2=" ">
    <subfield code="a">United Kingdom : </subfield>
    <subfield code="b">International Baccalaaureate Organization, </subfield>
    <subfield code="c">c2012.  </subfield>
  </datafield>
  <datafield tag="300" ind1=" " ind2=" ">
    <subfield code="a">185 p. :</subfield>
    <subfield code="b">ill. col. ;</subfield>
    <subfield code="c">27 cm.</subfield>
  </datafield>
  <datafield tag="650" ind1=" " ind2=" ">
    <subfield code="a">MAthemtics  </subfield>
    <subfield code="x">study and guides</subfield>
  </datafield>
  <datafield tag="650" ind1=" " ind2=" ">
    <subfield code="a">MAthematics</subfield>
    <subfield code="x">Higher level</subfield>
  </datafield>
  <datafield tag="650" ind1=" " ind2=" ">
    <subfield code="a">Mathematics</subfield>
    <subfield code="x">I.B. prepared </subfield>
  </datafield>
  <datafield tag="942" ind1=" " ind2=" ">
    <subfield code="2">lcc</subfield>
    <subfield code="c">BK</subfield>
  </datafield>
  <datafield tag="999" ind1=" " ind2=" ">
    <subfield code="c">13310</subfield>
    <subfield code="d">13310</subfield>
  </datafield>
  <datafield tag="952" ind1=" " ind2=" ">
    <subfield code="0">0</subfield>
    <subfield code="1">0</subfield>
    <subfield code="2">lcc</subfield>
    <subfield code="4">0</subfield>
    <subfield code="a">LUX</subfield>
    <subfield code="b">LUX</subfield>
    <subfield code="c">IB</subfield>
    <subfield code="d">2013-10-24</subfield>
    <subfield code="l">2</subfield>
    <subfield code="o">QA 28.72  .H313 2010</subfield>
    <subfield code="p">IB0123</subfield>
    <subfield code="r">2015-05-27 00:00:00</subfield>
    <subfield code="s">2015-05-11</subfield>
    <subfield code="t">1</subfield>
    <subfield code="w">2013-10-24</subfield>
    <subfield code="y">BK</subfield>
  </datafield>
</record>
